000 00424nam a2200157Ia 4500
008 230312s9999||||xx |||||||||||||| ||und||
020 _a81-203-3786-3
082 _a621.380422
_bMIT-S
100 _aMitra,Monojit
245 0 _aSatellite Communication
260 _bPrentice Hall
_aIndia
_c2008
300 _a166
546 _aEng.
650 _aEngineering
_vOrbits and Inclination,Spacecraft and its Subsystem
942 _cBK
999 _c1583
_d1583